Central Library OPAC University of Rajshahi

Investments / (Record no. 3917)

MARC details
000 -LEADER
fixed length control field 00829nam a22002772a 4500
001 - CONTROL NUMBER
control field 3917
003 - CONTROL NUMBER IDENTIFIER
rucl marc code BD-RjUL
005 - DATE AND TIME OF LATEST TRANSACTION
control field 20211208233812.0
008 - FIXED-LENGTH DATA ELEMENTS--GENERAL INFORMATION
fixed length control field 131221s1950 nyu b 001 0 eng d
035 ## - SYSTEM CONTROL NUMBER
System control number OCLC ocm00543685 from D950609M
-- (BD-RjUL)3951
040 ## - CATALOGING SOURCE
Original cataloging agency DLC
Transcribing agency KSU
Modifying agency SER
-- UKM
-- EQO
-- BD-RjUL
Language of cataloging eng
041 ## - LANGUAGE CODE
Language code of text/sound track or separate title eng
082 00 - DEWEY DECIMAL CLASSIFICATION NUMBER
Classification number 332.67
Author mark and year DOI 1950
100 1# - MAIN ENTRY--PERSONAL NAME
Personal name Dowrie, George William,
Dates associated with a name 1880-
9 (RLIN) 12486
245 10 - TITLE STATEMENT
Title Investments /
Statement of responsibility, etc. George W. Dowrie [and] Douglas R. Fuller.
250 ## - EDITION STATEMENT
Edition statement 2d ed.
260 ## - PUBLICATION, DISTRIBUTION, ETC. (IMPRINT)
Place of publication, distribution, etc. New York :
Name of publisher, distributor, etc. Wiley,
Date of publication, distribution, etc. 1950.
300 ## - PHYSICAL DESCRIPTION
Pagination viii, 611 p. ;
Size 24 cm
504 ## - BIBLIOGRAPHY, ETC. NOTE
Bibliography, etc Includes "Supplementary readings."
Bibliography, etc Includes index.
650 #0 - SUBJECT ADDED ENTRY--TOPICAL TERM
Topical term or geographic name as entry element Investments.
9 (RLIN) 12487
700 1# - ADDED ENTRY--PERSONAL NAME
Personal name Fuller, Douglas Raymond,
Dates associated with a name 1909-
942 ## - ADDED ENTRY ELEMENTS (KOHA)
Source of classification or shelving scheme Dewey Decimal Classification
Koha item type Books
Holdings
Lost status Source of classification or shelving scheme Damaged status Not for loan Collection code Permanent Location Current Location Shelving location Date acquired Source of acquisition Cost, normal purchase price Total Checkouts Full call number Date last seen Copy number Koha item type
  Dewey Decimal Classification   Not For Loan Non-fiction Central Library, University of Rajshahi Central Library, University of Rajshahi Reading Room 20/08/1955 Cassel co . 24.00   332.67 DOI 1950 21/12/2013 C-1 Books